La vita comune del clero nei secoli XI e XII : (Record n. 26137)
[ formato base ]
| 000 -LEADER | |
|---|---|
| fixed length control field | 01393nam a2200277 i 4500 |
| 003 - CONTROL NUMBER IDENTIFIER | |
| control field | IT-RoINE |
| 005 - DATE AND TIME OF LATEST TRANSACTION | |
| control field | 20200515100911.0 |
| 008 - FIXED-LENGTH DATA ELEMENTS--GENERAL INFORMATION | |
| fixed length control field | 230712s1962 it |r 1 1|| ita d |
| 040 ## - CATALOGING SOURCE | |
| Original cataloging agency | BBM |
| Transcribing agency | IT-RoINE |
| Modifying agency | IT-RoINE |
| 245 13 - TITLE STATEMENT | |
| Title | La vita comune del clero nei secoli XI e XII : |
| Remainder of title | atti della Settimana di studio: Mendola, settembre 1959. |
| 260 ## - PUBLICATION, DISTRIBUTION, ETC. (IMPRINT) | |
| Place of publication, distribution, etc | Milano : |
| Name of publisher, distributor, etc | Vita e Pensiero, |
| Date of publication, distribution, etc | 1962. |
| 300 ## - PHYSICAL DESCRIPTION | |
| Extent | 2 v. ; |
| Dimensions | 24 cm. |
| 336 ## - CONTENT TYPE | |
| Source | rdacontent |
| Content type term | text |
| 337 ## - MEDIA TYPE | |
| Source | rdamedia |
| Media type term | unmediated |
| 338 ## - CARRIER TYPE | |
| Source | rdacarrier |
| Carrier type term | volume |
| 490 1# - SERIES STATEMENT | |
| Series statement | Pubblicazioni dell'Università Cattolica del Sacro Cuore. |
| -- | Serie terza, |
| -- | Scienze Storiche ; |
| Volume number/sequential designation | 2 |
| 490 1# - SERIES STATEMENT | |
| Series statement | Pubblicazioni dell'Università Cattolica del Sacro Cuore. |
| -- | Miscellanea del Centro di Studi Medioevali ; |
| Volume number/sequential designation | 3 |
| 500 ## - GENERAL NOTE | |
| General note | Incluye índice. |
| 505 0# - FORMATTED CONTENTS NOTE | |
| Formatted contents note | V. 1: Relazioni e questionario -- V. 2: Comunicazioni e indici. |
| 650 #4 - SUBJECT ADDED ENTRY--TOPICAL TERM | |
| Topical term or geographic name as entry element | Iglesia |
| General subdivision | Historia |
| Chronological subdivision | 600-1500 (Edad media) |
| Form subdivision | Congresos |
| 9 (RLIN) | 52561 |
| 650 #4 - SUBJECT ADDED ENTRY--TOPICAL TERM | |
| 9 (RLIN) | 51751 |
| Topical term or geographic name as entry element | Clero |
| Geographic subdivision | Europa |
| General subdivision | Historia |
| Chronological subdivision | 600-1500 (Edad media) |
| General subdivision | Congresos |
| 650 #4 - SUBJECT ADDED ENTRY--TOPICAL TERM | |
| 9 (RLIN) | 51749 |
| Topical term or geographic name as entry element | Monacato y órdenes religiosas |
| Geographic subdivision | Europa |
| General subdivision | Historia |
| Chronological subdivision | 600-1500 (Edad media) |
| Form subdivision | Congresos |
| 830 #0 - SERIES ADDED ENTRY--UNIFORM TITLE | |
| 9 (RLIN) | 51709 |
| Uniform title | Pubblicazioni dell'Università cattolica del Sacro Cuore. |
| Name of part/section of a work | Miscellanea del Centro di studi medioevali |
| Volume number/sequential designation | 3 |
| 830 #0 - SERIES ADDED ENTRY--UNIFORM TITLE | |
| 9 (RLIN) | 51517 |
| Uniform title | Pubblicazioni dell'Università cattolica del Sacro Cuore. |
| Name of part/section of a work | Serie terza, |
| -- | Scienze storiche |
| Volume number/sequential designation | 2 |
| 942 ## - ADDED ENTRY ELEMENTS (KOHA) | |
| Item type | Monografías |
| Withdrawn status | Lost status | Damaged status | Not for loan | Home library | Current library | Date acquired | Total Checkouts | Full call number | Barcode | Date last seen | Price effective from | Koha item type | Public note |
|---|---|---|---|---|---|---|---|---|---|---|---|---|---|
| Iglesia Nacional Española en Roma | Iglesia Nacional Española en Roma | 19/07/2018 | HIS.ECL 220.1 | 51758 | 19/07/2018 | 19/07/2018 | Monografías | Vol. I. Relazioni e questionario. | |||||
| Iglesia Nacional Española en Roma | Iglesia Nacional Española en Roma | 19/07/2018 | HIS.ECL 220.2 | 51759 | 19/07/2018 | 19/07/2018 | Monografías | Vol. 2: Comunicazioni e indici. |